[Event "Sardinia World Open A"]
[Site "Orosei ITA"]
[Date "2025.05.02"]
[Round "8.9"]
[White "Mendonca, Leon Luke"]
[Black "Urbani, Gabriel"]
[Result "1-0"]
[WhiteTitle "GM"]
[BlackTitle "FM"]
[WhiteElo "2643"]
[BlackElo "2277"]
[WhiteFideId "35028561"]
[BlackFideId "2830138"]
[EventDate "2025.04.27"]

1. Nf3 d5 2. e3 Nf6 3. c4 e6 4. b3 Be7 5. Bb2 c5 6. cxd5 exd5 7. d4 Nc6 8. Be2
O-O 9. O-O Be6 10. Nc3 Rc8 11. dxc5 Bxc5 12. Rc1 Bd6 13. Nb5 Bb8 14. Nbd4 Ne4
15. Nxc6 Rxc6 16. Qd4 f6 17. Bd3 Bf5 18. Rcd1 Kh8 19. Bb1 Qc7 20. g3 Rd8 21. Nh4
Nc3 22. Bxc3 Bxb1 23. Rxb1 Rxc3 24. Rbd1 Qc5 25. Qg4 Be5 26. Rd2 g6 27. Nf3 Kg7
28. Qe6 d4 29. exd4 Bxd4 30. Kg2 Qb6 31. Nxd4 1-0

[Event "Sardinia World Open A"]
[Site "Orosei ITA"]
[Date "2025.05.02"]
[Round "8.10"]
[White "Kanyamarala, Tarun"]
[Black "Martinovici, Ilia"]
[Result "1-0"]
[WhiteTitle "IM"]
[BlackTitle "IM"]
[WhiteElo "2386"]
[BlackElo "2459"]
[WhiteFideId "45004714"]
[BlackFideId "13907034"]
[EventDate "2025.04.27"]

1. d4 Nf6 2. c4 e5 3. dxe5 Ng4 4. e4 Nxe5 5. f4 Nec6 6. Be3 Bb4+ 7. Kf2 Qf6 8.
Nc3 Bxc3 9. bxc3 d6 10. Qd2 O-O 11. Nf3 Nd7 12. Bd3 Qe7 13. Rhe1 Nc5 14. Bxc5
dxc5 15. e5 f5 16. exf6 Qxf6 17. Be4 Bg4 18. Rab1 Rad8 19. Qe3 b6 20. Bd5+ Kh8
21. Bxc6 Qxc6 22. Ne5 Qe6 23. Kg1 Bf5 24. Rb2 Qe8 25. Qf3 Rd6 26. Rbe2 Rdf6 27.
Qb7 Qc8 28. Qxa7 Be6 29. g3 Bh3 30. Nd3 g5 31. Rf2 Qf5 32. Ne5 gxf4 33. Qxc7 Qg5
34. Nd3 fxg3 35. hxg3 Bf5 36. Qe5 Qg7 37. Nf4 Qxg3+ 38. Rg2 Qh4 39. Nd5 Bh3 40.
Nxf6 Bxg2 41. Nh5+ 1-0

[Event "Sardinia World Open A"]
[Site "Orosei ITA"]
[Date "2025.05.02"]
[Round "8.11"]
[White "Lumachi, Gabriele"]
[Black "Kalosha, Zhiulien Oleksii"]
[Result "1/2-1/2"]
[WhiteTitle "IM"]
[BlackTitle "FM"]
[WhiteElo "2443"]
[BlackElo "2315"]
[WhiteFideId "2817247"]
[BlackFideId "14183706"]
[EventDate "2025.04.27"]

1. c4 e5 2. g3 Nf6 3. Bg2 c6 4. Nf3 e4 5. Nd4 Qb6 6. Nb3 a5 7. d3 a4 8. Be3 c5
9. Nc3 axb3 10. dxe4 d6 11. axb3 Rxa1 12. Qxa1 Na6 13. Qa3 Be7 14. O-O O-O 15.
Rd1 Nb4 16. Rd2 Bd7 17. Bf4 Rd8 18. h3 Bc6 19. g4 h6 20. e3 Nh7 21. Bg3 Nf8 22.
Qa1 Ng6 23. Qd1 Qc7 24. Bf1 Ne5 25. Nb5 Bxb5 26. cxb5 Qc8 27. Bxe5 dxe5 28. Bc4
Rxd2 29. Qxd2 Qd8 30. Qe2 Qd7 31. Kg2 Bf6 32. Kg3 Qd8 33. Kg2 Bh4 34. Qf3 Qf6
35. Qe2 g6 36. Qd2 Kg7 37. Qe2 h5 38. Qd2 hxg4 39. hxg4 Qd8 40. Qe2 Qd7 41. Kh3
Bd8 42. Kg2 Bh4 43. Kh3 Qe7 44. Qd2 Qd8 45. Qe2 Bg5 46. Kg3 Qf6 47. Qd2 Bh4+ 48.
Kg2 Qd8 49. Qe2 b6 50. Kh3 Bg5 51. Kg3 Qf6 52. Qd2 Bh4+ 53. Kg2 Qxf2+ 54. Qxf2
Bxf2 55. Kxf2 f6 56. Ke2 Kh6 57. Kd2 Kg5 58. Bf7 Kxg4 59. Bxg6 Kf3 60. Bf5 1/2-1/2

[Event "Sardinia World Open A"]
[Site "Orosei ITA"]
[Date "2025.05.02"]
[Round "8.12"]
[White "Xu, Grant"]
[Black "Van der Lende, Ilias"]
[Result "1-0"]
[WhiteTitle "FM"]
[BlackTitle "IM"]
[WhiteElo "2304"]
[BlackElo "2410"]
[WhiteFideId "2052318"]
[BlackFideId "1019260"]
[EventDate "2025.04.27"]

1. e4 c5 2. d4 cxd4 3. c3 Nf6 4. e5 Nd5 5. Nf3 Nc6 6. cxd4 d6 7. Bc4 e6 8. O-O
Be7 9. Qe2 O-O 10. Nc3 Nxc3 11. bxc3 dxe5 12. dxe5 b6 13. Qe4 Bb7 14. Bd3 g6 15.
Bh6 Na5 16. Qe3 Re8 17. Ng5 Rc8 18. Rfd1 Qc7 19. Qf4 f5 20. Bb5 Bxg5 21. Bxg5
Bc6 22. Bf1 Bd5 23. Rac1 Nc4 24. Re1 b5 25. h4 h5 26. Bf6 Kh7 27. Qg5 Qf7 28.
Rcd1 Qf8 29. Rd4 Na3 30. Qd2 Qc5 31. Rc1 a5 32. Be2 Qf8 33. Bf3 Nc4 34. Qd3 Qa3
35. Rf1 Nb6 36. Qxb5 Qc5 37. Rb1 Na8 38. Bxd5 Qxb5 39. Rxb5 exd5 40. Rdxd5 Rc7
41. Rxa5 Rec8 42. e6 Kg8 43. Rd8+ Rxd8 44. Bxd8 Rc8 45. Bf6 Kf8 46. Rd5 Re8 47.
Rd8 Nc7 48. e7+ Kf7 49. Bg5 Ne6 50. a4 f4 51. a5 f3 52. a6 fxg2 53. a7 Nc7 54.
Kxg2 Na8 55. c4 Nc7 56. Kf3 Na8 57. Ke4 Nc7 58. Ke5 Na8 59. Kd6 Nb6 60. Kc6 1-0

[Event "Sardinia World Open A"]
[Site "Orosei ITA"]
[Date "2025.05.02"]
[Round "8.13"]
[White "Yaniv, Yuval"]
[Black "Perossa, Nicolas"]
[Result "1-0"]
[WhiteTitle "IM"]
[BlackTitle "FM"]
[WhiteElo "2407"]
[BlackElo "2274"]
[WhiteFideId "2823900"]
[BlackFideId "2850520"]
[EventDate "2025.04.27"]

1. e4 e5 2. Nf3 Nf6 3. Nxe5 Nxe4 4. Qe2 Qe7 5. Qxe4 d6 6. d4 dxe5 7. dxe5 Nc6 8.
Nc3 Qxe5 9. Qxe5+ Nxe5 10. Nb5 Bb4+ 11. Bd2 Bxd2+ 12. Kxd2 Kd8 13. Re1 Nd7 14.
Bc4 Rf8 15. Kc1 a6 16. Nd4 c5 17. Nf5 Nb6 18. Bd3 c4 19. Be4 g6 20. Ne3 Kc7 21.
Nd5+ Nxd5 22. Bxd5 Be6 23. Bxe6 fxe6 24. f3 Kd7 25. Re4 Rac8 26. Kd2 Rf5 27. Kc3
Rd5 28. Rhe1 Rc6 29. Re5 Rcd6 30. Rxd5 Rxd5 31. Re4 Rh5 32. Rd4+ Ke7 33. h3 Rg5
34. Rg4 Re5 35. Rxc4 Kd7 36. Rd4+ Ke7 37. Rb4 Rc5+ 38. Rc4 Rb5 39. a4 Rb6 40.
Rc7+ Kf6 41. Rxh7 Kg5 42. Rc7 1-0

[Event "Sardinia World Open A"]
[Site "Orosei ITA"]
[Date "2025.05.02"]
[Round "8.14"]
[White "Knaak, Rainer"]
[Black "Rosh, Jain"]
[Result "1/2-1/2"]
[WhiteTitle "GM"]
[BlackTitle "FM"]
[WhiteElo "2472"]
[BlackElo "2150"]
[WhiteFideId "4611250"]
[BlackFideId "25789465"]
[EventDate "2025.04.27"]

1. d4 Nf6 2. c4 e6 3. Nf3 d5 4. Nc3 c5 5. cxd5 Nxd5 6. e4 Nxc3 7. bxc3 cxd4 8.
cxd4 Bb4+ 9. Bd2 Bxd2+ 10. Qxd2 O-O 11. Rd1 Bd7 12. Bc4 Ba4 13. Rc1 Bc6 14. Bd3
Nd7 15. O-O h6 16. Rfe1 Re8 17. Bb1 Nf8 18. Ne5 Bb5 19. Re3 f6 20. Nf3 Rc8 21.
Rxc8 Qxc8 22. Rc3 Qd7 23. Qc2 Qd6 24. h3 Bc6 25. Qc1 Rd8 26. Qe3 Ba4 27. Rc1 a6
28. e5 fxe5 29. dxe5 Qd5 30. Kh2 Bc6 31. Rc5 Qd7 32. Be4 Bxe4 33. Qxe4 Rc8 34.
Ra5 Qc6 35. Qh4 Qc4 36. Qxc4 Rxc4 37. Nd2 Rd4 38. Nb3 Rb4 39. Kg3 Nd7 40. Kf3
Kf7 41. Ke3 Ke7 42. g3 g5 43. Nd2 h5 44. a3 Rb2 45. Ne4 Rb3+ 46. Kd4 Nb8 47. Kc4
Rf3 48. Nxg5 Rf5 49. Ne4 b6 50. Nd6 Rf8 51. Ra4 b5+ 52. Nxb5 axb5+ 53. Kxb5 Rxf2
54. g4 Re2 55. Ra7+ Nd7 56. Kc6 Rc2+ 57. Kb7 hxg4 58. hxg4 Nxe5 59. g5 Kd6 60.
Ra6+ Kd7 61. a4 Rc7+ 62. Kb6 Rc6+ 63. Kb7 Rxa6 64. Kxa6 Kc6 65. Ka5 Kc5 66. Ka6
Kc6 67. Ka5 Ng6 68. Kb4 Kb6 69. a5+ Kc6 70. Kc4 Ne5+ 71. Kb4 Ng6 72. Kc4 Nh4 73.
Kb4 Ng6 1/2-1/2

[Event "Sardinia World Open A"]
[Site "Orosei ITA"]
[Date "2025.05.02"]
[Round "8.15"]
[White "Panjwani, Raja"]
[Black "Haver, Bas"]
[Result "1-0"]
[WhiteTitle "IM"]
[BlackTitle "FM"]
[WhiteElo "2443"]
[BlackElo "2281"]
[WhiteFideId "2604493"]
[BlackFideId "1039849"]
[EventDate "2025.04.27"]

1. e4 c6 2. Nf3 d5 3. Nc3 dxe4 4. Nxe4 Nf6 5. Qe2 Nxe4 6. Qxe4 Qa5 7. Bc4 Bf5 8.
Qf4 e6 9. O-O Be7 10. d3 O-O 11. g4 Bg6 12. Qg3 b5 13. Bb3 c5 14. Bf4 Nc6 15. a4
b4 16. Bc4 Rac8 17. Rfe1 Bf6 18. Ne5 Nd4 19. Rac1 Qxa4 20. h4 h6 21. c3 Bxe5 22.
Bxe5 Nc6 23. Bd6 Rfd8 24. h5 Bh7 25. Bxc5 bxc3 26. bxc3 Na5 27. Ra1 Qc2 28. Bd4
Nxc4 29. dxc4 Qd2 30. c5 Rd5 31. Re5 a5 32. Rxd5 exd5 33. Qe5 Qg5 34. Qxg5 hxg5
35. f3 Ra8 36. c6 a4 37. c7 Bc2 38. Bc5 Rc8 39. Bd6 f6 40. Kf2 g6 41. h6 Bb3 42.
Ke3 f5 43. Kd4 fxg4 44. fxg4 a3 45. Rxa3 Bd1 46. Kxd5 Kh7 47. c4 Bxg4 48. Kc6
Re8 49. Rb3 Kxh6 50. Rb8 Bc8 51. Rxc8 1-0

[Event "Sardinia World Open A"]
[Site "Orosei ITA"]
[Date "2025.05.02"]
[Round "8.16"]
[White "Solomon, Kenny"]
[Black "Favaloro, Andrea"]
[Result "1/2-1/2"]
[WhiteTitle "GM"]
[BlackTitle "IM"]
[WhiteElo "2272"]
[BlackElo "2422"]
[WhiteFideId "14300192"]
[BlackFideId "885940"]
[EventDate "2025.04.27"]

1. d4 Nf6 2. c4 e6 3. Nf3 b6 4. g3 Ba6 5. b3 Bb4+ 6. Bd2 Be7 7. Bg2 d5 8. cxd5
exd5 9. Nc3 O-O 10. O-O Re8 11. Ne5 Bb7 12. a3 Nbd7 13. b4 c6 14. Qb3 Nxe5 15.
dxe5 Nd7 16. f4 b5 17. a4 bxa4 18. Nxa4 Ba6 19. Rfc1 Bc4 20. Qc2 Rb8 21. Nb2
Bxe2 22. Qxc6 Bxb4 23. Bxb4 Rxb4 24. Rc2 Bb5 25. Qxd5 Qb6+ 26. Kh1 Rd4 27. Qa2
a6 28. Rac1 h5 29. Nc4 Bxc4 30. Rxc4 Rxc4 31. Qxc4 Nf8 32. Bd5 Re7 33. Qc5 Qb2
34. Rc2 Qb1+ 35. Rc1 Qb2 36. Rc2 1/2-1/2

[Event "Sardinia World Open A"]
[Site "Orosei ITA"]
[Date "2025.05.02"]
[Round "8.17"]
[White "Blom, Vincent"]
[Black "Fataliyeva, Ulviyya"]
[Result "0-1"]
[WhiteTitle "FM"]
[BlackTitle "IM"]
[WhiteElo "2274"]
[BlackElo "2387"]
[WhiteFideId "1014358"]
[BlackFideId "13403052"]
[EventDate "2025.04.27"]

1. Nf3 d5 2. e3 Nf6 3. c4 e6 4. Nc3 Be7 5. b3 O-O 6. Bb2 b6 7. Qc2 c5 8. Ng5 h6
9. h4 d4 10. exd4 cxd4 11. Nce4 g6 12. Nxf6+ Bxf6 13. Qe4 Qc7 14. Qf3 Bg7 15.
Bd3 hxg5 16. hxg5 Nc6 17. Be4 Bb7 18. Qh3 f5 19. gxf6 Rxf6 20. O-O-O Rd8 21.
Rde1 Kf7 22. Qg4 Ne5 23. Qg3 Bxe4 24. Rxe4 Rf5 25. Bxd4 Rxd4 26. Rxd4 Qc5 27.
Qe3 Qa3+ 28. Kd1 Qxa2 29. Ke2 Nc6 30. Rd7+ Kf8 31. f4 Qb2 32. Rh7 Rf7 33. Rd6
Nd4+ 34. Kf2 Nf5 35. Rd8+ Ke7 36. Qd3 Bd4+ 37. Kf3 Rxh7 38. Rb8 Rf7 39. g4 Nd6
40. f5 e5 0-1

[Event "Sardinia World Open A"]
[Site "Orosei ITA"]
[Date "2025.05.02"]
[Round "8.18"]
[White "Noy, Eyal"]
[Black "Maldonado Gonzales, Stefano"]
[Result "1-0"]
[WhiteTitle "FM"]
[WhiteElo "2346"]
[BlackElo "2228"]
[WhiteFideId "2821117"]
[BlackFideId "28540778"]
[EventDate "2025.04.27"]

1. d4 d5 2. c4 dxc4 3. e4 Nf6 4. Nc3 e5 5. Nf3 exd4 6. Nxd4 Bc5 7. Be3 O-O 8.
Bxc4 Ng4 9. O-O Qd6 10. g3 Qg6 11. Nf5 Nxe3 12. fxe3 c6 13. Na4 Bb4 14. a3 Bxf5
15. exf5 Qg5 16. axb4 b5 17. Nc5 bxc4 18. f6 Qxe3+ 19. Kh1 gxf6 20. Rxf6 Qg5 21.
Qf3 Qd5 22. Ne4 Kh8 23. Rd1 Qe5 24. Rxf7 Rxf7 25. Rd8+ Kg7 26. Qg4+ Kh6 27. Rd6+
Qxd6 28. Qg5# 1-0

[Event "Sardinia World Open A"]
[Site "Orosei ITA"]
[Date "2025.05.02"]
[Round "8.19"]
[White "Adharsh K"]
[Black "Gut, Lionel"]
[Result "1-0"]
[WhiteTitle "FM"]
[WhiteElo "2317"]
[BlackElo "2177"]
[WhiteFideId "25718207"]
[BlackFideId "1339966"]
[EventDate "2025.04.27"]

1. e4 c5 2. Nf3 d6 3. d4 cxd4 4. Nxd4 Nf6 5. Nc3 a6 6. Bg5 Nbd7 7. Qe2 h6 8. Bh4
g6 9. f4 e5 10. fxe5 dxe5 11. O-O-O Qc7 12. Nb3 b5 13. Qf3 Bg7 14. g4 Bb7 15. a3
O-O 16. Bd3 Rac8 17. Kb1 Qb6 18. Bf2 Qe6 19. Rhg1 Qe7 20. Be1 Nb6 21. h4 Rfd8
22. g5 hxg5 23. hxg5 Nh5 24. Ne2 Na4 25. Ba5 Rd7 26. Qh3 Qe6 27. Qh4 Qc6 28. Nc3
Qe6 29. Be2 Rxd1+ 30. Rxd1 Qc6 31. Nd2 Nxc3+ 32. Bxc3 a5 33. Bg4 Ra8 34. Bxh5 b4
35. axb4 axb4 36. Bxb4 gxh5 37. Qxh5 Qa4 38. Ba3 Rc8 39. Rf1 Qxc2+ 40. Ka1 Rc7
41. g6 fxg6 42. Qxg6 1-0

[Event "Sardinia World Open A"]
[Site "Orosei ITA"]
[Date "2025.05.02"]
[Round "8.20"]
[White "Zakin, Ilay"]
[Black "Dalaud, Dorian"]
[Result "1-0"]
[WhiteTitle "FM"]
[BlackTitle "FM"]
[WhiteElo "2254"]
[BlackElo "2303"]
[WhiteFideId "2848279"]
[BlackFideId "36093270"]
[EventDate "2025.04.27"]

1. e4 c5 2. Nf3 Nc6 3. Bb5 e6 4. O-O Nge7 5. d4 cxd4 6. Nxd4 Ng6 7. Nc3 Be7 8.
Be3 O-O 9. Be2 Qc7 10. Nb3 a6 11. f4 b5 12. Bd3 b4 13. Na4 Bf6 14. Qh5 e5 15. g3
Rb8 16. f5 Nge7 17. g4 g6 18. Qh3 d6 19. Bh6 Bd7 20. g5 Bh8 21. Qh4 Qa7+ 22. Kh1
Nd4 23. f6 Bxa4 24. fxe7 Qxe7 25. Bxf8 Rxf8 26. Nxd4 exd4 27. a3 b3 28. cxb3
Bxb3 29. Rac1 d5 30. e5 Qxe5 31. Rf3 Ba4 32. Re1 Qg7 33. Bxa6 Bd7 34. Bd3 Rb8
35. b4 Qf8 36. Qg3 Ra8 37. Qc7 Bg4 38. Rf4 Rxa3 39. Bb5 Bh3 40. Be8 Bf5 41.
Bxf7+ Qxf7 42. Qd8+ Qf8 43. Re8 Ra1+ 44. Kg2 Ra2+ 45. Kg1 Ra1+ 46. Rf1 Rxf1+ 47.
Kxf1 Bg7 48. Qxd5+ Be6+ 49. Rxf8+ 1-0

[Event "Sardinia World Open A"]
[Site "Orosei ITA"]
[Date "2025.05.02"]
[Round "8.21"]
[White "Romanishin, Oleg M"]
[Black "Fulgentini, Edoardo"]
[Result "1/2-1/2"]
[WhiteTitle "GM"]
[WhiteElo "2291"]
[BlackElo "2113"]
[WhiteFideId "14100088"]
[BlackFideId "28557050"]
[EventDate "2025.04.27"]

1. Nf3 d5 2. g3 g6 3. Bg2 Bg7 4. d4 Nf6 5. O-O O-O 6. c4 c5 7. cxd5 cxd4 8. Nxd4
Nxd5 9. Nc3 Nxc3 10. bxc3 Qa5 11. Qb3 Nc6 12. Be3 Nxd4 13. Bxd4 e5 14. Be3 Rb8
15. Rfd1 Be6 16. Bd5 Bxd5 17. Rxd5 Qa6 18. c4 Rbc8 19. Rd7 Qxc4 20. Qxc4 Rxc4
21. Rxb7 a5 22. a4 e4 23. Ra2 Bd4 24. Bd2 Rc5 25. Rd7 Bc3 26. Rc2 Rfc8 27. Rxc3
Rxc3 28. Bxc3 Rxc3 29. Rd5 e3 30. f4 Rc2 31. Kf1 Kg7 32. Rxa5 Ra2 33. g4 Rc2 34.
Re5 1/2-1/2

[Event "Sardinia World Open A"]
[Site "Orosei ITA"]
[Date "2025.05.02"]
[Round "8.22"]
[White "Ypma, Peter"]
[Black "Duraccio, Walter Mattia"]
[Result "1/2-1/2"]
[WhiteTitle "FM"]
[WhiteElo "2288"]
[BlackElo "2020"]
[WhiteFideId "1027255"]
[BlackFideId "2865713"]
[EventDate "2025.04.27"]

1. e4 c6 2. d4 d5 3. f3 Qb6 4. a4 a5 5. exd5 cxd5 6. Ra3 Nc6 7. c3 Bf5 8. Rb3
Qc7 9. Na3 Rd8 10. Nb5 Qb8 11. Bd3 Bxd3 12. Qxd3 f6 13. f4 e6 14. Nf3 Nh6 15.
O-O Bd6 16. Nxd6+ Rxd6 17. f5 Nxf5 18. Bf4 O-O 19. c4 e5 20. cxd5 Ncxd4 21. Rc3
Nxf3+ 22. Rxf3 Nd4 23. Rh3 g6 24. Be3 1/2-1/2

[Event "Sardinia World Open A"]
[Site "Orosei ITA"]
[Date "2025.05.02"]
[Round "8.23"]
[White "Hercegovac, Neven"]
[Black "Advaitt Srikant Koduri"]
[Result "1-0"]
[WhiteTitle "FM"]
[WhiteElo "2238"]
[BlackElo "2017"]
[WhiteFideId "2839135"]
[BlackFideId "25185454"]
[EventDate "2025.04.27"]

1. e4 c5 2. Nf3 d6 3. d4 cxd4 4. Nxd4 Nf6 5. Nc3 g6 6. Be3 Bg7 7. f3 O-O 8. Qd2
Nc6 9. O-O-O d5 10. exd5 Nxd5 11. Nxc6 bxc6 12. Bd4 Bxd4 13. Qxd4 Qb6 14. Na4
Qc7 15. Nc5 Rd8 16. Bc4 Bf5 17. Bb3 Nb6 18. Qe3 Rxd1+ 19. Rxd1 Qxh2 20. g4 Nd5
21. Qd2 Qxd2+ 22. Kxd2 Bc8 23. Ba4 Rb8 24. Bxc6 Nb4 25. Ba4 Na6 26. Nd3 Nb4 27.
Nc5 Na6 28. Nd3 Nb4 29. Ne5 Be6 30. a3 Rd8+ 31. Ke2 Rxd1 32. Kxd1 Nd5 33. Ke2
Nb6 34. Bb5 f6 35. Nc6 Bc4+ 36. Bxc4+ Nxc4 37. Nxe7+ Kf7 38. Nc6 Nxb2 39. Nxa7
h5 40. gxh5 gxh5 41. Nb5 Ke6 42. Nc3 Ke5 43. Kf2 h4 44. Ne2 Nd1+ 45. Kg1 Ne3 46.
c3 Kd5 47. a4 Kc4 48. Kh2 Kd3 49. Nf4+ Kxc3 50. a5 Nc4 51. a6 Nb6 52. a7 Na8 53.
Kh3 Kd4 54. Kxh4 Kc5 55. Kg4 Kb6 56. Kf5 Kxa7 57. Nd5 Kb7 58. Kxf6 Kc8 59. Ke7
Kb7 60. f4 Kc6 61. Ke6 1-0

[Event "Sardinia World Open A"]
[Site "Orosei ITA"]
[Date "2025.05.02"]
[Round "8.24"]
[White "Vagman, Roy"]
[Black "Balinski, Damian"]
[Result "1-0"]
[WhiteTitle "FM"]
[WhiteElo "2437"]
[BlackElo "2183"]
[WhiteFideId "2828995"]
[BlackFideId "1120913"]
[EventDate "2025.04.27"]

1. e4 e5 2. Nf3 Nc6 3. Bb5 a6 4. Ba4 Nge7 5. Nc3 Ng6 6. h4 h5 7. d4 Bb4 8. Bxc6
dxc6 9. Nxe5 Nxe5 10. dxe5 Qxd1+ 11. Kxd1 Bxc3 12. bxc3 Be6 13. Bf4 c5 14. Ke2
Kd7 15. Ke3 Kc6 16. a3 a5 17. Bg5 Rhe8 18. f3 b5 19. Rab1 Rab8 20. Rhg1 b4 21.
cxb4 cxb4 22. axb4 Rxb4 23. Rxb4 axb4 24. g4 hxg4 25. fxg4 Ra8 26. Be7 Kb5 27.
h5 Re8 28. Bh4 Ra8 29. Kf4 c5 30. Be7 c4 31. g5 Rh8 32. Rh1 Ka4 33. h6 gxh6 34.
gxh6 b3 35. cxb3+ cxb3 36. Ra1+ Kb5 37. Kg5 Rg8+ 38. Kh5 Bg4+ 39. Kh4 Bf3 40.
Re1 b2 41. Rb1 Bxe4 42. Rxb2+ Kc6 43. Rd2 Kc7 44. Rd4 Bb1 45. Bg5 Re8 46. Bf6
Rg8 47. Bg7 Re8 48. Kg5 Re6 49. Bf6 Re8 50. Bg7 Re6 51. Rf4 Bg6 52. Ra4 Kb7 53.
Bf6 Re8 54. Rc4 Re6 55. Rd4 Re8 56. Rd8 Re6 57. Rg8 Ra6 58. Rxg6 1-0

[Event "Sardinia World Open A"]
[Site "Orosei ITA"]
[Date "2025.05.02"]
[Round "8.25"]
[White "Federer, Colin"]
[Black "Kienboeck, Benjamin"]
[Result "1/2-1/2"]
[BlackTitle "FM"]
[WhiteElo "2103"]
[BlackElo "2240"]
[WhiteFideId "1345117"]
[BlackFideId "1649353"]
[EventDate "2025.04.27"]

1. e4 c6 2. d4 d5 3. e5 c5 4. dxc5 e6 5. Be3 Nd7 6. Bb5 Ne7 7. Bd4 Nc6 8. Bxc6
bxc6 9. b4 a5 10. a3 Ba6 11. f4 Be7 12. Nf3 O-O 13. Nbd2 f6 14. c4 fxe5 15. fxe5
Bh4+ 16. g3 Bg5 17. O-O Bxd2 18. Nxd2 Bxc4 19. Nxc4 dxc4 20. Qe2 axb4 21. axb4
Rxa1 22. Rxa1 Nb6 23. Qg4 Nd5 24. Qxe6+ Kh8 25. Qxc6 Nf4 26. Be3 Qd3 27. gxf4
Qxe3+ 28. Kh1 c3 29. Qg2 Qxf4 30. b5 Qxe5 31. b6 Qxc5 32. b7 c2 33. Rc1 Qb4 34.
h3 Qb1 35. Qxc2 Qxb7+ 36. Qg2 Qf7 37. Rg1 Qf6 38. Qg5 Qf3+ 39. Qg2 Qc3 40. Qg3
Qc6+ 41. Qg2 Qf6 42. Qg5 Qxg5 43. Rxg5 Rf2 44. Ra5 h6 45. Kg1 Rb2 46. Ra8+ Kh7
47. Ra6 h5 48. Rc6 g6 49. Rc5 Kg7 50. Rc6 Re2 51. Ra6 Kh6 52. Ra5 h4 53. Rb5 Re3
54. Kg2 Rg3+ 55. Kh2 Rf3 56. Kg2 Rf5 57. Rb4 Kh5 58. Ra4 Kg5 59. Rg4+ Kh5 60.
Ra4 1/2-1/2

[Event "Sardinia World Open A"]
[Site "Orosei ITA"]
[Date "2025.05.02"]
[Round "8.26"]
[White "Swara Lakshmi S Nair"]
[Black "Gut, Raphael"]
[Result "1-0"]
[WhiteTitle "WCM"]
[WhiteElo "2216"]
[BlackElo "2150"]
[WhiteFideId "25629239"]
[BlackFideId "1339974"]
[EventDate "2025.04.27"]

1. e4 c5 2. Nf3 d6 3. d4 cxd4 4. Nxd4 Nf6 5. Nc3 a6 6. Rg1 e5 7. Nb3 Be6 8. g4
d5 9. exd5 Nxd5 10. Nxd5 Qxd5 11. Qxd5 Bxd5 12. Be3 Nc6 13. c3 Be7 14. Nd2 O-O
15. Bc4 Bxc4 16. Nxc4 Rad8 17. Ke2 f5 18. f3 e4 19. fxe4 f4 20. Bf2 b5 21. Nd2
Ne5 22. Nf3 Nxf3 23. Kxf3 Rd3+ 24. Ke2 Rh3 25. Rad1 Rxh2 26. Kf3 Rh3+ 27. Kg2
Rh6 28. Kf3 Rh3+ 29. Kg2 Rh6 30. Kf3 g5 31. Rh1 Re6 32. Rd5 Rb8 33. Bc5 Bf6 34.
Rf5 Rbe8 35. Rh6 Bg7 36. Rxe6 Rxe6 37. Rxg5 Kf7 38. Bd4 Bh6 39. Rf5+ Kg6 40. Be5
Rb6 41. Bxf4 Bg7 42. Be3 Rd6 43. Rd5 Rc6 44. Bd4 Bh6 45. Rc5 Re6 46. b3 Bf8 47.
Rc8 Kf7 48. Kf4 Rh6 49. a4 bxa4 50. bxa4 Rh4 51. Rc7+ Ke8 52. Kg3 Rh6 53. e5 Kd8
54. Rb7 Be7 55. Kf4 Rh1 56. Kf5 Ke8 57. a5 h5 58. Ke6 Bd8 59. Rh7 Rf1 60. Bc5 1-0

[Event "Sardinia World Open A"]
[Site "Orosei ITA"]
[Date "2025.05.02"]
[Round "8.27"]
[White "Sarabando, Rodrigo Andias"]
[Black "Markuszewski, Maksymilian"]
[Result "1-0"]
[WhiteElo "2211"]
[BlackElo "2147"]
[WhiteFideId "1950010"]
[BlackFideId "651018306"]
[EventDate "2025.04.27"]

1. d4 d5 2. c4 c6 3. Nf3 Nf6 4. Qc2 dxc4 5. e4 b5 6. b3 cxb3 7. axb3 Bg4 8. d5
cxd5 9. e5 Bxf3 10. gxf3 Nfd7 11. Bxb5 e6 12. Bd2 a5 13. b4 Bxb4 14. Bxb4 1-0

[Event "Sardinia World Open A"]
[Site "Orosei ITA"]
[Date "2025.05.02"]
[Round "8.28"]
[White "Wecker, Martin"]
[Black "Grot, Blazej"]
[Result "0-1"]
[BlackTitle "CM"]
[WhiteElo "2035"]
[BlackElo "2206"]
[WhiteFideId "12931462"]
[BlackFideId "21835845"]
[EventDate "2025.04.27"]

1. Nf3 d5 2. g3 e6 3. Bg2 Nf6 4. c4 Nc6 5. O-O Bd6 6. d4 O-O 7. b3 dxc4 8. bxc4
e5 9. d5 e4 10. dxc6 exf3 11. Bxf3 bxc6 12. Nc3 Bh3 13. Bg2 Bxg2 14. Kxg2 Be5
15. Qc2 Qd4 16. Na4 Rfe8 17. Rb1 Bd6 18. Bb2 Qe4+ 19. Qxe4 Rxe4 20. Bxf6 gxf6
21. Rfc1 Rxe2 22. Rb2 Re4 23. Rcc2 a5 24. Rb7 f5 25. Kf3 Rd4 26. Rb3 Re8 27. Nb2
Rd8 28. c5 Bf8 29. Ra3 Ra8 30. Nc4 a4 31. Ne3 f4 32. gxf4 Ra5 33. Rac3 Rb5 34.
Rc4 Rxc4 35. Rxc4 a3 36. Nf5 Bxc5 37. Ra4 Bf8 38. Kg4 h5+ 0-1

[Event "Sardinia World Open A"]
[Site "Orosei ITA"]
[Date "2025.05.02"]
[Round "8.29"]
[White "Akshat Sureka"]
[Black "Maisuradze, Nino"]
[Result "1-0"]
[BlackTitle "WGM"]
[WhiteElo "2009"]
[BlackElo "2189"]
[WhiteFideId "25774492"]
[BlackFideId "13601717"]
[EventDate "2025.04.27"]

1. d4 Nf6 2. Bg5 e6 3. e3 Be7 4. Nd2 b6 5. Ngf3 Bb7 6. Bd3 c5 7. c3 h6 8. Bh4
Nh5 9. Bxe7 Qxe7 10. O-O d6 11. Bb5+ Nd7 12. dxc5 bxc5 13. Ne5 Nf6 14. Nxd7 Nxd7
15. Nc4 Bd5 16. Nxd6+ Qxd6 17. e4 O-O 18. exd5 exd5 19. Bxd7 Qxd7 20. Qf3 Rab8
21. b3 Rb6 22. Rad1 Rd8 23. Rfe1 a5 24. Re5 Re6 25. Qe3 Rxe5 26. Qxe5 Re8 27.
Qh5 a4 28. h3 axb3 29. axb3 d4 30. Qxc5 d3 31. Qd4 Qb5 32. b4 Re2 33. Qd8+ Re8
34. Qxd3 Re1+ 35. Kh2 Qe5+ 36. g3 Rxd1 37. Qxd1 Qxc3 38. Qd8+ Kh7 39. Qb6 h5 40.
Qc5 Qf3 41. h4 f5 42. b5 g5 43. hxg5 h4 44. g6+ Kg7 45. Qc7+ 1-0